Normal view
MARC view
- Educación de mujeres adultas
Entry Materia
001 - NÚMERO DE CONTROL DEL REGISTRO
- campo de control: 44075
003 - IDENTIFICADOR DE NUMERO DE CONTROL
- campo de control: UPN
005 - FECHA Y HORA DE LA ÚLTIMA TRANSACCIÓN
- campo de control: 20220324095250.0
008 - DATOS DE LONGITUD FIJA
- campo de control de longitud fija: 220324d| ana||babd | a|a d
040 ## - FUENTE DE LA CATALOGACIÓN
- Centro catalogador de origen: MX-MxUPN
046 ## - FECHAS CON CODIFICACIÓN ESPECIAL
- Fecha final para contenidos agregados: 2022
150 ## - ENCABEZAMIENTO - TEMÁTICO
- Término de materia o nombre geográfico como elemento inicial: Educación de mujeres adultas
- Subdivisión geográfica: Quito, Ecuador
670 ## - FUENTE EN LA QUE SE LOCALIZARON DATOS
- Cita de la fuente: Autoridades BGTQ, 2022:
- Información localizada: (Encabezamiento: EDUCACIÓN DE MUJERES ADULTAS)
